000 00541nam a2200181Ia 4500
008 240729s9999 xx 000 0 und d
022 _a1916-7237
245 0 _aCanadian Journal of Gastroenterology
260 _aUnited Kingdom
260 _bHindawi Limited
650 _a Diseases of the digestive system. Gastroenterology
650 _a Internal medicine
650 _a Specialties of internal medicine
650 _aMedicine
856 _uhttps://doaj.org/toc/4eeb1898ff264e9ea03be8a57a19f222
942 _2ddc
942 _cDOAJEJ
999 _c71399
_d71399
945 _a1
_bMadushi Gamage
_c1
_dMadushi Gamage